00522cam a22002051 4500001001300000003000400013005001700017008004100034010001700075035002000092040001800112042001200130050001500142100002000157245003800177260002300215300003500238650002600273999001700299sa 66005460 DLC20260227112249.0890420s1964 io 000 0 ind  asa 66005460  a(OCoLC)23547365 aDLCcMiUdDLC apremarc00aHD37b.D471 aDidong, Rustam.10aKumpulan seminar ekonomi industri a[Djakarta,c1964?] a1 v. (various pagings)c32 cm. 0aIndustrial management c69955d69955